000 00553nam a22001937a 4500
005 20251108165222.0
008 250721s1996 xx 000 0 ara d
082 1 4 _a612/حام
100 1 _aحامد، حامد أحمد
245 1 0 _aرحلة الإيمان في جسم الإنسان /
264 1 _aدمشق :
_bدار القلم،
_c1996.
300 _a548ص.
650 1 7 _aالفسيولوجيا
650 1 7 _aالقرآن الكريم
650 1 7 _aجسم الإنسان
650 1 7 _aالإسلام
942 _2ddc
_cBK
999 _c22443
_d22443